Shallcross, Bożena, 1952-. The Holocaust object in Polish and Polish-Jewish culture. - Bloomington, Ind. [u.a.] : Indiana Univ. Press. - 2011 [Rezension]
| Titel: | Shallcross, Bożena, 1952-. The Holocaust object in Polish and Polish-Jewish culture. - Bloomington, Ind. [u.a.] : Indiana Univ. Press. - 2011 [Rezension] |
|---|---|
| Verfasser: | |
| In: |
Slavic review, Band 71, Heft 1 (2012), Seite 137-140 alle Artikel anzeigen |
| Veröffentlicht: | 2012 |
| Format: | Aufsatz |
| Sprache: | Englisch |
X
alg: 39509393
001A $01999:12-11-16
001B $01999:04-08-21 $t21:04:33.000
001D $01999:12-11-16
001U $0utf8
001X $00
002@ $0Aox
003@ $0395093937
007A $0395093937 $aHEB
007T $0Herdc0078763m
010@ $aeng
011@ $a2012
021A $aShallcross, Bożena, 1952-. The @Holocaust object in Polish and Polish-Jewish culture. - Bloomington, Ind. {[u.a.] : Indiana Univ. Press. - 2011 [Rezension]
028A $#Brenner, Rachel Feldhay $#ברנר, רחל פלדחי $#Feldhay Brenner, Rachel $#Brener, Raḥel Feldḥay $#Brenner, Rachel F. $712149473X $8Brenner, Rachel Feldhay$Z1946- [Tp1] $915286444X
031A $d71 $e1 $h137-140 $j2012
039B $aIn $8--Abvc--. Slavic review. - Cambridge : Cambridge University Press, 1961-. - ISSN 0037-6779 $x201200000710001863 $9047271809
039T $8--Aau--Shallcross, Bożena$Z1952- [Tp1]. The @Holocaust object in Polish and Polish-Jewish culture. - Bloomington, Ind. {[u.a.] : Indiana Univ. Press, 2011. - 181 S.. - ISBN 978-0-253-35564-5 $9227682726
045F $a900.9438 $eDDC23BSB
045F/01 $a900
045F/03 $g438
045T $a3,6 $a7,41
lok: 39509393 78
exp: 39509393 78 1 #EPN
201B/01 $018-11-16 $t13:43:49.000
201U/01 $0utf8
203@/01 $0791392562
208@/01 $a12-11-16 $be
209A/01 $a/ $f000 $x00
220C/01 $aTitelaufnehmer: rb
220C/01 $aHerkunft: HI Marburg
244Z/01 $2Trx $#Poola $#Lenkija $#Polija $#Polen Land $#Poland $#Lengyelország $#Poľsko $#Polsko $8--Trx--Polska$gkraj $x01 $9391345966
244Z/01 $2Trx $#arvustused $#recenzijos $#Reviews $#recenziók $#recenzje $#recenzie $#recenze $8--Trx--Rezensionen $x02 $9391357441
247C/01 $82080>Marburg/Lahn, Herder-Institut, Forschungsbibliothek, Bibliographieportal $9336309341
| LEADER | 00000caa a22000002c 4500 | ||
|---|---|---|---|
| 001 | 395093937 | ||
| 003 | DE-603 | ||
| 005 | 20210804210433.0 | ||
| 007 | tu | ||
| 008 | 161112s2012 xx |||| | u00||u|eng c | ||
| 035 | |a (DE-599)HEB395093937 | ||
| 040 | |a DE-603 |b ger |c DE-603 |d DE-603 | ||
| 041 | |a eng | ||
| 082 | 0 | 4 | |8 1\u |a 900.9438 |q DE-101 |2 23/BSB |
| 084 | |a 3,6 |a 7,41 |2 ssgn | ||
| 085 | |8 1\u |b 900 | ||
| 085 | |8 1\u |z 2 |s 438 | ||
| 100 | 1 | |a Brenner, Rachel Feldhay |d 1946- |0 (DE-603)15286444X |0 (DE-588)12149473X |2 gnd | |
| 245 | 0 | 0 | |a Shallcross, Bożena, 1952-. The Holocaust object in Polish and Polish-Jewish culture. - Bloomington, Ind. [u.a.] : Indiana Univ. Press. - 2011 [Rezension] |
| 264 | 0 | |c 2012 | |
| 773 | 0 | 8 | |i In |t Slavic review |d Cambridge : Cambridge University Press, 1961- |x 0037-6779 |g Band 71, Heft 1 (2012), Seite 137-140 |w (DE-603)047271809 |w (DE-600)203404-9 |
| 787 | 0 | 8 | |i Rezension von |a Shallcross, Bożena, 1952- |t The Holocaust object in Polish and Polish-Jewish culture |d Bloomington, Ind. [u.a.] : Indiana Univ. Press, 2011 |h 181 S. |z 9780253355645 |w (DE-603)227682726 |
| 924 | 0 | |9 2080 |a (DE-603)791392562 |b DE-2080 |c HES |d d |g / | |


